Statistics for U.S. States Closest to New York

Click here to take the quiz!

General Stats

  • This quiz has been taken 42 times
  • The average score is 9 of 10

Answer Stats

miStatekm% Correct
0New Jersey0
100%
0Connecticut0
95%
37New Hampshire59
95%
39Ohio63
95%
2Rhode Island3
95%
0Pennsylvania0
92%
0Vermont0
92%
78Delaware126
89%
98Maryland157
86%
0Massachusetts0
84%

Score Distribution

Percentile by Number Answered

Percent of People with Each Score

Your Score History

You have not taken this quiz